Detalles MARC
| 000 -LEADER |
| fixed length control field |
02682nam a2200457Ii 4500 |
| 001 - CONTROL NUMBER |
| control field |
DIGBCACC0127 |
| 003 - CONTROL NUMBER IDENTIFIER |
| control field |
NyNyDIG |
| 006 - FIXED-LENGTH DATA ELEMENTS--ADDITIONAL MATERIAL CHARACTERISTICS |
| fixed length control field |
m o d |
| 007 - PHYSICAL DESCRIPTION FIXED FIELD--GENERAL INFORMATION |
| fixed length control field |
cr ||||||||||| |
| 008 - FIXED-LENGTH DATA ELEMENTS--GENERAL INFORMATION |
| fixed length control field |
131001s2008 sp ob 000 0 spa d |
| 020 ## - INTERNATIONAL STANDARD BOOK NUMBER |
| International Standard Book Number |
9789689342366 |
| Qualifying information |
(eBook) |
| 020 ## - INTERNATIONAL STANDARD BOOK NUMBER |
| International Standard Book Number |
9689342363 |
| Qualifying information |
(eBook) |
| 035 ## - SYSTEM CONTROL NUMBER |
| System control number |
(OCoLC)527382900 |
| 040 ## - CATALOGING SOURCE |
| Original cataloging agency |
DGITA |
| Language of cataloging |
eng |
| Description conventions |
pn |
| Transcribing agency |
DGITA |
| 043 ## - GEOGRAPHIC AREA CODE |
| Geographic area code |
n-mx--- |
| 050 14 - LIBRARY OF CONGRESS CALL NUMBER |
| Classification number |
F1219.1.O11 eBook |
| 245 00 - TITLE STATEMENT |
| Title |
Montealbán : |
| Remainder of title |
en la cima del cerro sagrado / |
| Statement of responsibility, etc. |
Fundación Cultural Armella Spitalier. |
| 264 #1 - PRODUCTION, PUBLICATION, DISTRIBUTION, MANUFACTURE, AND COPYRIGHT NOTICE |
| Place of production, publication, distribution, manufacture |
Mexico, D.F. : |
| Name of producer, publisher, distributor, manufacturer |
Cacciani, S.A. de C.V. |
| -- |
Fundación Cultural Armella Spitalier, |
| Date of production, publication, distribution, manufacture, or copyright notice |
2008. |
| 300 ## - PHYSICAL DESCRIPTION |
| Extent |
1 online resource (66 pages) : |
| Other physical details |
ill. |
| 336 ## - CONTENT TYPE |
| Content type term |
text |
| Content type code |
txt |
| Source |
rdacontent |
| 337 ## - MEDIA TYPE |
| Media type term |
computer |
| Media type code |
c |
| Source |
rdamedia |
| 338 ## - CARRIER TYPE |
| Carrier type term |
online resource |
| Carrier type code |
cr |
| Source |
rdacarrier |
| 490 1# - SERIES STATEMENT |
| Series statement |
La manera de conocer el pasado mesoamericano a través de su arte ; |
| Volume/sequential designation |
27 |
| 504 ## - BIBLIOGRAPHY, ETC. NOTE |
| Bibliography, etc. note |
Includes bibliographical references (p. 22) |
| 505 0# - FORMATTED CONTENTS NOTE |
| Formatted contents note |
1. Antecedentes -- Un complejo entorno ecológico -- Oaxaca, mosaico multiétnico -- Orígenes del asentamiento zapoteca -- La contribución de los sabios -- 2. Desarrollo cultural -- Cronología zapoteca -- El preclásico en Monte Albán -- Clásico y caída de Monte Albán -- La escritura: ideas y pensamientos en piedra -- 3. Economía -- El sustento económico -- Alfarería: una tradición milenaria -- Las relaciones comerciales con Teotihuacan -- 4. Arquitectura y religión -- La arquitectura de las nubes -- La morada de los muertos -- La tumba 7 de Monte Albán -- El panteón zapoteco -- El enigma de los danzantes -- Glosario -- Bibliografía -- Selección de Piezas -- Créditos. |
| 520 ## - SUMMARY, ETC. |
| Summary, etc. |
"Con este libro se desea ofrecer un enriquecedor viaje a traves del pasado, para conocer mas de cerca la historia de la capital zapoteca: Monte Alban. Sirva esto de pretexto para visitar sus actuales vestigios y adentrarse en el mágico mundo de la Antigua Antequera." (p. 3). |
| 650 #0 - SUBJECT ADDED ENTRY--TOPICAL TERM |
| Topical term or geographic name entry element |
Indians of Mexico |
| General subdivision |
Languages |
| -- |
Writing. |
| 650 #0 - SUBJECT ADDED ENTRY--TOPICAL TERM |
| Topical term or geographic name entry element |
Indians of Mexico |
| General subdivision |
Religion. |
| 650 #0 - SUBJECT ADDED ENTRY--TOPICAL TERM |
| Topical term or geographic name entry element |
Indian art |
| Geographic subdivision |
Central America. |
| 650 #0 - SUBJECT ADDED ENTRY--TOPICAL TERM |
| Topical term or geographic name entry element |
Indian art |
| Geographic subdivision |
Mexico. |
| 650 #0 - SUBJECT ADDED ENTRY--TOPICAL TERM |
| Topical term or geographic name entry element |
Archaeological museums and collections |
| Geographic subdivision |
Mexico. |
| 651 #0 - SUBJECT ADDED ENTRY--GEOGRAPHIC NAME |
| Geographic name |
Monte Albán Site (Mexico) |
| 655 #0 - INDEX TERM--GENRE/FORM |
| Genre/form data or focus term |
Electronic books. |
| 710 2# - ADDED ENTRY--CORPORATE NAME |
| Corporate name or jurisdiction name as entry element |
Fundación Cultural Armella Spitalier |
| 791 2# - |
| -- |
Digitalia (Firm), |
| -- |
distributor. |
| 793 0# - |
| -- |
Digitalia eBook Collection: |
| -- |
Editorial Cacciani. |
| 830 #0 - SERIES ADDED ENTRY--UNIFORM TITLE |
| Uniform title |
La manera de conocer el pasado mesoamericano a través de su arte ; |
| Volume/sequential designation |
27. |
| 856 40 - ELECTRONIC LOCATION AND ACCESS |
| Materials specified |
Digitalia Hispánica |
| Uniform Resource Identifier |
<a href="https://www.digitaliapublishing.com/a/1483/">https://www.digitaliapublishing.com/a/1483/</a> |
| 910 ## - USER-OPTION DATA (OCLC) |
| User-option data |
Premium Collection: 2007-2012 |
| 942 ## - ADDED ENTRY ELEMENTS (KOHA) |
| Koha item type |
Recurso Electrónico |